| 000 | 00529nam a22001817a 4500 | ||
|---|---|---|---|
| 005 | 20250828120544.0 | ||
| 010 | _aENG-146517 | ||
| 020 |
_a9789351711803 _c1295.00 |
||
| 035 | _aEN-130049 | ||
| 037 | _bDBAD | ||
| 082 | _a305.4 | ||
| 100 |
_aTabassum, Shahla _984415 |
||
| 245 |
_aMUSLIM WO-MEN IN HIGHER EDUCATION IN INDIA/ _cSHAHLA TABASSUM |
||
| 260 |
_aNEW DELHI _bRESEARCH INDIA PRESS _c2020 |
||
| 270 |
_aE-6/34 SANGAM VIHAR _bNEW DELHI |
||
| 300 |
_a182p. _c22cm(Hbk) |
||
| 942 |
_2ddc _cEN _h305.4 _mTab |
||
| 999 |
_c213193 _d213193 |
||